<?xml version="1.0" encoding="UTF-8"?>
<marc:record xmlns:marc="http://www.loc.gov/MARC21/slim">
   <marc:leader>00000nam a2200000 a 4500</marc:leader>
   <marc:datafield ind1="1" ind2=" " tag="100">
      <marc:subfield code="a">Pietschmann, Claudia</marc:subfield>
      <marc:subfield code="4">aut</marc:subfield>
      <marc:subfield code="e">Verfasser/-in</marc:subfield>
   </marc:datafield>
   <marc:datafield ind1=" " ind2=" " tag="653">
      <marc:subfield code="a">Softcover / Kinder- und Jugendbücher/Jugendbücher ab 12 Jahre</marc:subfield>
   </marc:datafield>
   <marc:datafield ind1=" " ind2=" " tag="653">
      <marc:subfield code="a">Geheimnis;Liebe;Mystery;Traum</marc:subfield>
   </marc:datafield>
   <marc:datafield ind1=" " ind2=" " tag="653">
      <marc:subfield code="a">Jugendbuch</marc:subfield>
   </marc:datafield>
   <marc:datafield ind1=" " ind2=" " tag="653">
      <marc:subfield code="a">Jugendbücher ab 12 Jahre</marc:subfield>
   </marc:datafield>
   <marc:datafield ind1="0" ind2="0" tag="245">
      <marc:subfield code="a">GoodDreams</marc:subfield>
   </marc:datafield>
   <marc:datafield ind1="0" ind2="0" tag="245">
      <marc:subfield code="b">wir kaufen deine Träume</marc:subfield>
   </marc:datafield>
   <marc:datafield ind1="0" ind2="0" tag="245">
      <marc:subfield code="c">Claudia Pietschmann</marc:subfield>
   </marc:datafield>
   <marc:datafield ind1=" " ind2="1" tag="264">
      <marc:subfield code="a">Würzburg</marc:subfield>
      <marc:subfield code="b">Arena</marc:subfield>
      <marc:subfield code="c">2016</marc:subfield>
   </marc:datafield>
   <marc:datafield ind1=" " ind2=" " tag="250">
      <marc:subfield code="a">1. Auflage</marc:subfield>
   </marc:datafield>
   <marc:datafield ind1="1" ind2=" " tag="520">
      <marc:subfield code="a">Angaben aus der Verlagsmeldung

GoodDreams : Wir kaufen deine Träume / von Claudia Pietschmann

Leah will nicht mehr träumen. Zu sehr treibt sie die Angst um, nicht in die Realität zurückkehren zu können. Ihr Zwillingsbruder Mika versteht Leah nicht. Er ist Profiträumer und verdiente lange mit seinen Träumen Geld. Geld, das die Geschwister dringend für die Medikamente ihres Vaters brauchen. Dann aber ändert sich alles: Mika erhält eine anonyme E-Mail und damit die Chance auf 250.000 Dollar. Er soll bei einem geheimen Spiel mitmachen und gegen drei andere Jugendliche antreten. Das Ziel des Spiels? Ungewiss. Der Startpunkt? Im Traum. Das Problem: Seit Mika an Schlafstörungen leidet, ist für ihn ans Träumen nicht mehr zu denken. Die einzige Chance: Leah. Sie muss in den Traum eines Unbekannten aufbrechen. In einen Traum, der zum Albtraum wird und Leah und die gesamte Menschheit erschüttert.
</marc:subfield>
   </marc:datafield>
   <marc:datafield ind1=" " ind2=" " tag="020">
      <marc:subfield code="a">9783401601519</marc:subfield>
      <marc:subfield code="9">9783401601519</marc:subfield>
   </marc:datafield>
   <marc:datafield ind1=" " ind2=" " tag="020">
      <marc:subfield code="a">3401601512</marc:subfield>
      <marc:subfield code="9">3401601512</marc:subfield>
   </marc:datafield>
   <marc:datafield ind1=" " ind2=" " tag="041">
      <marc:subfield code="a">ger</marc:subfield>
   </marc:datafield>
   <marc:datafield ind1=" " ind2=" " tag="300">
      <marc:subfield code="a">353 Seiten</marc:subfield>
   </marc:datafield>
</marc:record>
